000 00463nam a2200169Ia 4500
003 GCL
008 140319s9999 xx 000 0 ara d
040 _aGCL /
_cGCL
082 0 4 _aط
_b920.17
_bد ط
100 1 _aدار الشروق العربى
245 1 0 _aطارق بن زياد /
_cدار الشروق العربى
300 _a109 ص
490 _a
650 0 4 _aالتراجم الذاتية
650 0 4 _aالرجال - تراجم
942 _2ddc
_cBK
999 _c38937
_d38937